| 000 | 00995nam a2200229Ia 4500 | ||
|---|---|---|---|
| 999 |
_c39358 _d39358 |
||
| 001 | 5946 | ||
| 003 | GE_BSU | ||
| 005 | 20190826133859.0 | ||
| 008 | 181216s1961||||ge |||||||||||||| ||geo|| | ||
| 040 | _cGE_BSU | ||
| 041 | _ageo | ||
| 080 | _a821.353.1-1 ა-13 | ||
| 100 |
_aაბაშიძე, ირაკლი _93740 |
||
| 245 |
_aხან წუთი, ხან საუკუნე : _bლექსები / _cირაკლი აბაშიძე ; რედ. გ. კაჭახიძე ; მხატვ. თ. სოხორსკაია. |
||
| 264 |
_aთბილისი : _bნაკადული ; _c1961 [მე-2 სტ.] |
||
| 300 |
_a117 გვ. ; _c17 სმ. |
||
| 653 | _aლექსები | ||
| 653 | _aხან წუთი, ხან საუკუნე | ||
| 700 |
_aკაჭახიძე, გ. _eრედაქტორი _93783 |
||
| 700 |
_aსოხორსკაია, თ. _eმხატვარი _93784 |
||
| 942 |
_cBK _2udc |
||